000 00298nam a2200133Ia 4500
008 230917s9999||||xx |||||||||||||| ||und||
040 _e138378
_aMAIN
041 _aEnglish
082 _a823.8 F744B:F
100 _aForster, E M
245 0 _aPassage to india
300 _a252p p.
942 _cBK
999 _c180531
_d180531